The IUP Journal of Entrepreneurship Development (Record no. 220730)
[ view plain ]
| 000 -LEADER | |
|---|---|
| fixed length control field | 00412nam a22001457a 4500 |
| 003 - CONTROL NUMBER IDENTIFIER | |
| control field | OSt |
| 005 - DATE AND TIME OF LATEST TRANSACTION | |
| control field | 20211123134021.0 |
| 008 - FIXED-LENGTH DATA ELEMENTS--GENERAL INFORMATION | |
| fixed length control field | 211123b ||||| |||| 00| 0 eng d |
| 040 ## - CATALOGING SOURCE | |
| Transcribing agency | IUP Publication |
| 222 ## - KEY TITLE | |
| Key title | The IUP Journal of Entrepreneurship Development |
| 245 ## - TITLE STATEMENT | |
| Title | The IUP Journal of Entrepreneurship Development |
| 260 ## - PUBLICATION, DISTRIBUTION, ETC. | |
| Place of publication, distribution, etc. | Hyderabad |
| Name of publisher, distributor, etc. | IUP Publications |
| 310 ## - CURRENT PUBLICATION FREQUENCY | |
| Current publication frequency | Quarterly |
| 942 ## - ADDED ENTRY ELEMENTS (KOHA) | |
| Source of classification or shelving scheme | Dewey Decimal Classification |
| Koha item type | Periodicals |
| Serial record | 1 |
| Withdrawn status | Lost status | Source of classification or shelving scheme | Damaged status | Not for loan | Collection code | Home library | Current library | Shelving location | Date acquired | Serial Enumeration / chronology | Total Checkouts | Date last seen | Price effective from | Koha item type |
|---|---|---|---|---|---|---|---|---|---|---|---|---|---|---|
| Dewey Decimal Classification | Not for loan | MBA | St Aloysius Institute of Management & Information Technology | St Aloysius Institute of Management & Information Technology | Periodical Section | 11/23/2021 | Vol. 18, No. 2 | 11/23/2021 | 11/23/2021 | Periodicals | ||||
| Dewey Decimal Classification | Not for loan | MBA | St Aloysius Institute of Management & Information Technology | St Aloysius Institute of Management & Information Technology | Periodical Section | 04/12/2022 | Vol. 18, No. 4 | 04/12/2022 | 04/12/2022 | Periodicals |